Online
Catalog
Normal view MARC view

Entry Nombre corporativo

Number of records used in: 1

001 - NÚMERO DE CONTROL

  • campo de control: 84193

003 - IDENTIFICADOR DEL NÚMERO DE CONTROL

  • campo de control: BNPHU

005 - FECHA Y HORA DE LA ÚLTIMA TRANSACCIÓN

  • campo de control: 20240311111036.0

008 - DATOS DE LONGITUD FIJA

  • campo de control de longitud fija: 230919|| aca||aabn | a|a d

010 ## - NÚMERO DE CONTROL DE LA BIBLIOTECA DEL CONGRESO

  • Número de control de LC: n 83056435

040 ## - FUENTE DE LA CATALOGACIÓN

  • Centro catalogador/agencia de origen: DO-SdBNP
  • Lengua de catalogación: spa
  • Centro/agencia transcriptor: BNPHU

110 2# - ENCABEZAMIENTO-NOMBRE DE ENTIDAD CORPORATIVA

  • Nombre de entidad corporativa o nombre de jurisdicción como elemento de entrada: Asociación de Representantes de Firmas Extranjeras (República Dominicana)

410 2# - TRAZADO DE VÉASE--NOMBRE DE ENTIDAD CORPORATIVA

  • Nombre de entidad corporativa o nombre de jurisdicción como elemento de entrada: Association of Representatives of Foreign Firms (Dominican Republic)

410 2# - TRAZADO DE VÉASE--NOMBRE DE ENTIDAD CORPORATIVA

  • Nombre de entidad corporativa o nombre de jurisdicción como elemento de entrada: ARFE

410 2# - TRAZADO DE VÉASE--NOMBRE DE ENTIDAD CORPORATIVA

  • Nombre de entidad corporativa o nombre de jurisdicción como elemento de entrada: A.R.F.E.

670 ## - FUENTE DE DATOS ENCONTRADOS

  • Cita de la fuente: Work cat.: (DO-SdBNP)31085: Asociación de Representantes de Firmas Extranjeras 84192, Guía de los representantes de firmas extranjeras de la República Dominicana /

670 ## - FUENTE DE DATOS ENCONTRADOS

  • Cita de la fuente: Guía de los representantes de firmas extranjeras de la Rep. Dominicana, between 1978 and 1982: |
  • Información encontrada: En la portada: (Asociación de Representantes de Firmas Extranjeras, Inc., Santo Domingo, República Dominicana, ARFE) p. 6, etc.

Powered by Koha